Gaming Quiz

Random Gaming or Popular Quiz

Latin-to-English Video Games Quiz Stats

 Plays Quiz Updated Nov 7, 2017

Challenge
Share
Tweet
Embed
Score 0/24 Timer 09:00
3 Plays Today
% Correct
Fable
79.2%
Metal Gear Solid
79%
Grand Theft Auto
78.4%
SimCity
73.3%
Lemmings
73.3%
Final Fantasy
73%
Sonic the Hedgehog
70.7%
Half-Life
66.3%
Devil May Cry
63.2%
Command & Conquer
61.7%
God of War
60.9%
Doom
60%
% Correct
World of Warcraft
50.4%
Resident Evil
49.4%
Tomb Raider
41.6%
Street Fighter
40.7%
EverQuest
39.4%
Call of Duty
33.8%
Need for Speed
31.4%
Perfect Dark
31.4%
Duke Nukem
31.2%
Assassin's Creed
30.4%
Space Invaders
24.4%
Minecraft
21%

You're not logged in!

Compare scores with friends on all Sporcle quizzes.
OR
Log In

You Might Also Like...

Show Comments

Extras

Top Quizzes Today


Score Distribution

Your Account Isn't Verified!

In order to create a playlist on Sporcle, you need to verify the email address you used during registration. Go to your Sporcle Settings to finish the process.

Report this User

Report this user for behavior that violates our Community Guidelines.

Details: